000 00391nam a2200157 i 4500
001 bg
100 1 _aWRIGHT, A.
245 0 _aGames for Lanquage Learing /
_cA. Wright, D. Betteridge, M. Buckby.
260 _aCambridge,
_c1992.
700 1 _aBetteridge, David.
700 1 _aBUCKBY, Michael
040 _cBPK
041 _apol
942 _cKS
008 s pl f |000 0 pol
999 _c5487
_d5487
856 _uhttp://koha.tu.koszalin.pl/cgi-bin/koha/opac-detail.pl?biblionumber=5487
_yKatalog online BPK